Statistics for World Capitals Closest to Each Other

Click here to take the quiz!

General Stats

  • This quiz has been taken 29 times
    (18 since last reset)
  • The average score is 10 of 40

Answer Stats

Distance
(km)
Distance
(mi)
CityCountry% Correct
00RomeItaly
88%
00Vatican CityVatican City
88%
56.6535.20BratislavaSlovakia
75%
56.6535.20ViennaAustria
75%
4.142.57BrazzavilleRepublic of the Congo
63%
4.1412.57KinshasaD.R. Congo
63%
70.1243.57AmmanJordan
25%
70.1243.57JerusalemIsrael
25%
136.3084.69PodgoricaMontenegro
25%
136.3084.69TiranaAlbania
25%
157.8398.07BanjulGambia
19%
157.8398.07DakarSenegal
19%
84.2252.33HelsinkiFinland
19%
115.4771.75LjubljanaSlovenia
19%
151.2093.95SkopjeNorth Macedonia
19%
84.2252.33TallinnEstonia
19%
151.2093.95TiranaAlbania
19%
115.4771.75ZagrebCroatia
19%
128.1579.63AccraGhana
13%
92.5057.47BasseterreSaint Kitts and Nevis
13%
85.3553.04BeirutLebanon
13%
148.9592.55CastriesSaint Lucia
13%
99.5561.86CastriesSaint Lucia
13%
124.0477.07ConakryGuinea
13%
85.3553.04DamascusSyria
13%
140.7087.43DohaQatar
13%
124.0477.07FreetownSierra Leone
13%
99.5561.86KingstownSaint Vincent and the Grenadines
13%
134.4683.55KingstownSaint Vincent and the Grenadines
13%
128.1579.63LomeTogo
13%
159.4499.07LomeTogo
13%
140.7087.43ManamaBahrain
13%
152.5494.79MaputoMozambique
13%
152.5494.79MbabaneEswatini
13%
155.8096.81Port of SpainTrinidad and Tobago
13%
159.4499.07Porto NovoBenin
13%
148.9592.55RoseauDominica
13%
155.8096.81Saint George'sGrenada
13%
134.4683.55Saint George'sGrenada
13%
92.5057.47Saint John'sAntigua and Barbuda
13%

Score Distribution

Percentile by Number Answered

Percent of People with Each Score

Your Score History

You have not taken this quiz since the last reset